000 00465nam a2200181Ia 4500
001 16763
005 20260306170334.0
008 260306t1996||||xx |||||||||||||| ||und||
041 _aESP
082 _a349.85
_bA46
100 _aAltuve-Febres Lores, Fernán
_eAUT
245 0 _aLos reinos del Perú:
_bapuntes sobre la monarquía peruana
260 _c1996
300 _a231 páginas :
_c21 cm.
650 _aGEN
654 _aCDE
942 _cLIB
_dJUS
_fJUS
_2ddc
_n
999 _c16763
_d16763